Pohyb obyvatelstva v České a Slovenské federativní republice v roce 1990

Gespeichert in:
Bibliographische Detailangaben
Format: Buch
Sprache:Tschechisch
Veröffentlicht: Praha Federální statistický úřad 1991
Tags: Tag hinzufügen
Keine Tags, Fügen Sie das erste Tag hinzu!

MARC

LEADER 00000nam a2200000 4500
001 c000257
005 20250610114342.9
041 0 |a cze 
044 |a CZ 
245 1 0 |a Pohyb obyvatelstva v České a Slovenské federativní republice v roce 1990 
264 1 |a Praha  |b Federální statistický úřad  |c 1991 
300 |a 196 s.